00489cam7a220018100 4500001001200000003000500012005001700017008004100034035001900075035002200094040000900116100003000125245006500155260001500220949004900235004000600284999001700290tmp15759325UPRA20190814091539.0951023m19401985xx eng u a(Sirsi) r42457 a(UPRA)tmp15759325 cUPRA1 aKloos, Helmim.6A102537.110aHealth and disease in Ethiopia :ba guide to the literature. c1940-1985. aRA643.7wLCi-51830mMEDICALtBOOKlON-SHELF42457 c46399d46399